Real or fake cities: Africa - Statistics

General Stats
  • This quiz has been taken 12 times
  • The average score is 12 of 15
Answer Stats
Question Answer % Correct
Madagascar Antananasnickers
100%
Namibia Baghi Pantz
100%
Uganda Barbara Bush
100%
Guinea Derriere de Mauvaise Odeur
100%
Algeria El Fhartt
100%
Nigeria Gong
100%
Eswatini Mbanana
100%
Burkina Faso Ouagafesses
100%
Ethiopia Piwi
100%
South Africa Van Heerden's Butt
100%
Tanzania Dar es Salami
67%
Somalia Faqash Tre
33%
Angola Mamilos Visíveis
33%
Equatorial Guinea Melones Hermosos
33%
Malawi N'Zombe
0%
No matching quizzes found
Score Distribution
Percent of People with Each Score
Percentile by Number Answered
Your Score History
You have not taken this quiz